[Event "Zlin Region-chT 2223"]
[Site "Czech Republic"]
[Date "2023.04.02"]
[Round "11.6"]
[White "Kahanek, Martin"]
[Black "Novak, Josef1111"]
[Result "1-0"]
[WhiteElo "1865"]
[BlackElo "1842"]
[PlyCount "81"]
[EventDate "2022.10.09"]
[EventType "team-tourn"]
[EventRounds "11"]
[EventCountry "CZE"]
[SourceTitle "EXT 2024"]
[Source "ChessBase"]
[SourceDate "2023.10.10"]
[SourceVersion "1"]
[SourceVersionDate "2023.10.10"]
[SourceQuality "1"]
[WhiteTeam "Valasska Bystrice Sokol"]
[BlackTeam "Valasske Mezirici"]
[WhiteTeamCountry "CZE"]
[BlackTeamCountry "CZE"]

1. e4 e5 2. Nc3 Nc6 3. f4 exf4 4. Nf3 d6 5. d4 g5 6. h3 Bg7 7. Qd3 h6 8. Bd2 Nge7 9. 0-0-0 a6 10. Be1 0-0 11. g3 Ng6 12. Ne2 Qf6 13. Rg1 a5 14. gxf4 Nxf4 15. Nxf4 Qxf4+ 16. Bd2 Qf6 17. c3 a4 18. Be2 Ra5 19. Nh2 Qg6 20. h4 f6 21. Rdf1 Re8 22. Qc4+ Qf7 23. hxg5 Qxc4 24. Bxc4+ Kh7 25. gxf6 Bxf6 26. Rxf6 Rh5 27. Nf1 Nd8 28. Bd3 Rg8 29. Rxg8 Kxg8 30. Rxh6 Rxh6 31. Bxh6 Kf7 32. Be3 c6 33. Bf4 Ke6 34. Bc4+ d5 35. exd5+ cxd5 36. Be2 Kf5 37. Bd2 Nf7 38. Ng3+ Kf6 39. Bf3 Be6 40. Nh5+ Ke7 41. Ng7 1-0

[Event "Zlin Region-chT 2223"]
[Site "Czech Republic"]
[Date "2023.01.29"]
[Round "7.4"]
[White "Kahanek, Martin"]
[Black "Horsak, Jan"]
[Result "0-1"]
[WhiteElo "1865"]
[BlackElo "2064"]
[PlyCount "56"]
[EventDate "2022.10.09"]
[EventType "team-tourn"]
[EventRounds "11"]
[EventCountry "CZE"]
[SourceTitle "EXT 2024"]
[Source "ChessBase"]
[SourceDate "2023.10.10"]
[SourceVersion "1"]
[SourceVersionDate "2023.10.10"]
[SourceQuality "1"]
[WhiteTeam "Valasska Bystrice Sokol"]
[BlackTeam "Stare Mesto II"]
[WhiteTeamCountry "CZE"]
[BlackTeamCountry "CZE"]

1. Nf3 d5 2. d4 g6 3. Bf4 Bg7 4. e3 Nf6 5. h3 0-0 6. Bd3 c5 7. c3 Qb6 8. Qb3 c4 9. Qxb6 axb6 10. Bc2 Nc6 11. Nbd2 b5 12. 0-0 b4 13. Ne5 bxc3 14. bxc3 Ra3 15. Nb1 Ra7 16. a4 Bf5 17. Bxf5 gxf5 18. Nd2 Nxe5 19. Bxe5 Nd7 20. Bxg7 Kxg7 21. Rfb1 Rfa8 22. Rb4 b6 23. g4 fxg4 24. hxg4 Ra5 25. Kg2 b5 26. Nb1 Nb6 27. Na3 Rxa4 28. Rxb5 Nc8 0-1

[Event "Pardubice Czech op-E 31st"]
[Site "Pardubice"]
[Date "2020.09.17"]
[Round "1.3"]
[White "Pychova, Nela"]
[Black "Kahanek, Martin"]
[Result "1-0"]
[WhiteElo "2159"]
[BlackElo "1839"]
[PlyCount "61"]
[EventDate "2020.09.17"]
[EventType "team-swiss"]
[EventRounds "7"]
[EventCountry "CZE"]
[SourceTitle "CBM 198 Extra"]
[Source "ChessBase"]
[SourceDate "2020.11.30"]
[SourceVersion "1"]
[SourceVersionDate "2020.11.30"]
[SourceQuality "1"]
[WhiteTeam "Brno Moravska Slavia"]
[BlackTeam "Tatrovaci"]
[WhiteTeamCountry "CZE"]
[BlackTeamCountry "CZE"]

1. c4 Nf6 2. Nc3 g6 3. g3 Bg7 4. Bg2 0-0 5. Nf3 d6 6. 0-0 Nbd7 7. Rb1 e5 8. d3 Nh5 9. b4 f5 10. Qb3 Ndf6 11. c5+ Kh8 12. Ng5 Qe7 13. Nd5 Nxd5 14. Bxd5 h6 15. cxd6 cxd6 16. Ne6 Bxe6 17. Bxe6 f4 18. Bd5 Nf6 19. Bg2 g5 20. b5 Qd7 21. Ba3 Rfc8 22. Rfc1 Bf8 23. Bd5 Nxd5 24. Qxd5 Kg7 25. d4 Qf7 26. Qe4 Re8 27. dxe5 dxe5 28. Bb2 Bd6 29. Rd1 Rad8 30. Rd5 Kg8 31. Rbd1 1-0

[Event "Ostrava Konik op-B"]
[Site "Ostrava"]
[Date "2011.05.03"]
[Round "4"]
[White "Kahanek, Martin"]
[Black "Volcik, Milan"]
[Result "1/2-1/2"]
[WhiteElo "1899"]
[BlackElo "1619"]
[PlyCount "51"]
[EventDate "2011.04.30"]
[EventType "swiss"]
[EventRounds "9"]
[EventCountry "CZE"]
[SourceTitle "CBM 142 Extra"]
[Source "ChessBase"]
[SourceDate "2011.06.27"]
[SourceVersion "1"]
[SourceVersionDate "2011.06.27"]
[SourceQuality "1"]

1. d4 d5 2. Nf3 Nf6 3. Bf4 e6 4. e3 Bd6 5. Bg3 b6 6. Bd3 Ba6 7. Nc3 Bb4 8. 0-0 Bxc3 9. bxc3 Bxd3 10. cxd3 Nbd7 11. Bh4 Qc8 12. Qc2 0-0 13. e4 dxe4 14. dxe4 h6 15. Rab1 Qb7 16. Rfe1 Rac8 17. c4 c6 18. e5 Nh7 19. h3 Rfe8 20. Nd2 f5 21. g4 g6 22. Nf1 Ndf8 23. f4 Qf7 24. gxf5 exf5 25. Ne3 Ne6 26. Ng2 1/2-1/2

[Event "Ostrava Konik op-B"]
[Site "Ostrava"]
[Date "2007.05.??"]
[Round "3"]
[White "Kahanek, Martin"]
[Black "Dobias, Petr"]
[Result "1/2-1/2"]
[WhiteElo "1945"]
[BlackElo "1805"]
[PlyCount "27"]
[EventDate "2007.05.??"]
[EventType "swiss"]
[EventRounds "9"]
[EventCountry "CZE"]
[SourceTitle "EXT 2010"]
[Source "ChessBase"]
[SourceDate "2010.11.25"]
[SourceVersion "1"]
[SourceVersionDate "2010.11.25"]
[SourceQuality "1"]

1. Nf3 d5 2. g3 Nf6 3. d4 Bf5 4. Bg2 e6 5. 0-0 Bd6 6. c4 dxc4 7. Qa4+ c6 8. Qxc4 Bxb1 9. Rxb1 Nbd7 10. Re1 0-0 11. Bg5 h6 12. Bxf6 Qxf6 13. Nd2 Qe7 14. Qb3 1/2-1/2

[Event "Ostrava Konik op-B"]
[Site "Ostrava"]
[Date "2007.05.??"]
[Round "7"]
[White "Kahanek, Martin"]
[Black "Hlubina, Pavel"]
[Result "0-1"]
[WhiteElo "1945"]
[BlackElo "1945"]
[PlyCount "85"]
[EventDate "2007.05.??"]
[EventType "swiss"]
[EventRounds "9"]
[EventCountry "CZE"]
[SourceTitle "EXT 2010"]
[Source "ChessBase"]
[SourceDate "2010.11.25"]
[SourceVersion "1"]
[SourceVersionDate "2010.11.25"]
[SourceQuality "1"]

1. d4 Nf6 2. Nf3 g6 3. c4 Bg7 4. Nc3 0-0 5. e4 d6 6. Be2 Nbd7 7. 0-0 e5 8. dxe5 dxe5 9. Qc2 c6 10. h3 Nh5 11. b3 Nf4 12. Ba3 Re8 13. Rad1 Qa5 14. Bc1 Nf8 15. Rfe1 f5 16. Bd3 Nxd3 17. Rxd3 f4 18. Bb2 h6 19. Rd6 g5 20. Nh2 Ne6 21. Rdd1 Nd4 22. Qb1 h5 23. f3 Re6 24. Ne2 c5 25. Nc1 Rg6 26. Bxd4 cxd4 27. Nd3 g4 28. hxg4 hxg4 29. Nxg4 Bxg4 30. fxg4 Rxg4 31. Rf1 Qd8 32. Rf3 Qg5 33. Qb2 Bf6 34. Ne1 Qg6 35. Qe2 Kg7 36. Rh3 Rg8 37. Rh2 Rg3 38. Rd3 Re3 39. Rxe3 dxe3 40. Qf3 Rd8 41. g3 Rd2 42. Rh3 Rxa2 43. Kf1 0-1